<?xml version="1.0" encoding="UTF-8"?>
<marc:record xmlns:marc="http://www.loc.gov/MARC21/slim">
   <marc:leader>00000nam a2200000 a 4500</marc:leader>
   <marc:datafield ind1="1" ind2=" " tag="100">
      <marc:subfield code="a">Interreg</marc:subfield>
      <marc:subfield code="4">aut</marc:subfield>
      <marc:subfield code="e">Verfasser/-in</marc:subfield>
   </marc:datafield>
   <marc:datafield ind1="0" ind2="0" tag="245">
      <marc:subfield code="a">Worte über Orte</marc:subfield>
   </marc:datafield>
   <marc:datafield ind1="0" ind2="0" tag="245">
      <marc:subfield code="b">Bibliotheken im Nachbarland</marc:subfield>
   </marc:datafield>
   <marc:datafield ind1="1" ind2=" " tag="520">
      <marc:subfield code="a">Mit Unterstützung durch Dolmetscher*innen erkundeten die Autor*innen die Geschichte des Bibliotheksstandortes, des Dorfes, der Stadt, die Historie der Region. Durch die Interaktion mit den Bibliothekar*innen ergab sich nicht nur eine geschärfte Außenwahrnehmung, sondern auch die eminent wichtige Bedeutung der Einrichtung Bibliothek. Die gewonnenen Erfahrungen und Eindrücke verarbeiteten die Autor*innen in einem Text. Die Sammlung der literarischen Impressionen liegt nun als zweisprachige Publikation vor.</marc:subfield>
   </marc:datafield>
</marc:record>
